| 000 | 02103nam a2200361 c 4500 | ||
|---|---|---|---|
| 001 | 57593 | ||
| 003 | CO-BoRNBP | ||
| 005 | 20250714120702.0 | ||
| 007 | ta | ||
| 008 | 231019t2022 ck a|||br ||| 00| j spa d | ||
| 020 | _a9789585338685 | ||
| 040 |
_aCO-BoRNBP _bspa _erda _cCO-BoRNBP |
||
| 041 | 0 | _aspa | |
| 043 | _an-mx-- | ||
| 084 | _aC | ||
| 100 |
_aCórdova, Adolfo, _d1983- _eaut _961093 |
||
| 245 | 1 | 0 |
_aEscondida / _cAdolfo Córdova ; ilustraciones Amanda Mijangos. |
| 250 |
_aPrimera edición _bPrimera reimpresión |
||
| 264 | 1 |
_aBogotá, Colombia : _bCataplum Libros, _c2023 |
|
| 300 |
_a[20] páginas sin numerar : _bilustraciones a color |
||
| 336 |
_atexto _btxt _2rdacontent |
||
| 337 |
_asin mediación _bn _2rdamedia |
||
| 338 |
_avolumen _bnc _2rdacarrier |
||
| 500 | _aLibro en tipo acordeón plegable | ||
| 520 | 3 | _aEscondida es una historia donde dos voces líricas se entrecruzan en este libro que invita al lector a acercarse a la vida secreta de una niña que, con su propia voz, nos cuenta la complejidad y riqueza de su mundo interior: aunque no está a la vista del adulto ha crecido dentro de ella. Por otro lado, está la voz del adulto, que se acerca y distancia de la niña reconociendo ese mundo interior y su singularidad. Este poema escrito por Adolfo Córdova es de una delicadeza extrema que encuentra su contrapartida en el trabajo de Amanda Mijangos, quien con lápiz, monotipia de óleo sobre papel, acuarela y trabajo digital, nos muestra con metáforas visuales ese mundo interior. El libro entraña una maravillosa sorpresa: se trata de un acordeón (tapa dura y con lomo) que permite el recorrido por las dos voces y por imágenes propias de la naturaleza. (Apartes del texto) | |
| 521 | 1 | _aRecomendado para un público infantil mayor de 6 años | |
| 650 | 0 | 7 |
_aCuentos infantiles mexicanos _ysiglo xxi _2lemb _961094 |
| 650 | 0 | 7 |
_aLiteratura mexicana _ysiglo xxi _2lemb _961095 |
| 650 | 0 | 7 |
_aNaturaleza en la literatura _2lemb _91606 |
| 650 | 0 | 7 |
_aNiños en la literatura _2lemb _9873 |
| 700 |
_aMijangos, Amanda, _d1986- _eill _961096 |
||
| 942 |
_2loc _cBKLITI |
||
| 999 |
_c57593 _d57593 |
||